01017cam a22003017a 4500003000500000005001700005008004100022010001000063011001000073035001000083040000900093082001600102100004400118245002700162250001100189260003100200300002000231590004100251590004100292590004100333590004200374650002400416901000700440942001000447949008300457999001700540952015800557CHAP20220329141349.0971013s1979 r 00010 d a67073 a68045 a77517 cCHAP a133.323bB800aBurgues Esteban, José María.916184 0aRadiestesia práctica a4. ed. aBarcelona :bSintes,c1979 a140 p.b: ilus. aBATCH-UPDb10c20130110lUCH01h2131 aBATCH-UPDb10c20130410lUCH01h1441 aBATCH-UPDb10c20130914lUCH01h1952 aCONVERSIONb10c20130109lUCH01h133714aRadiestesia.993683 aBK cLIBRO a133.323 B8bBCcLIBROd33724000750196eLIBROgI.144494h74629i77517sit22.00 c67073d67073 00102ddc4052708GRALaBCbBCcPA_GRALd2019-12-31eI.144494fLIBROl1o133.323 B8p33724000750196r2024-04-09 00:00:00s2024-03-14w2019-12-31yLIBRO